000 00668nam a2200217 a 4500
001 84923
003 BD-RjUL
005 20250513152328.0
008 250513s1975 bg ||||| |||| 00| 0 ben d
035 _a(BD-RjUL)84923
040 _aBD-RjUL
_beng
_cBD-RjUL
041 _aben
082 _223
_a100
_bALD 1915
100 _aআলম, রশীদুল
245 _aদর্শনের ভূমিকা /
_cরশীদুল আলম
260 _aবুগুড়া :
_bসাহিত্য কুটির,
_c১৯৭৫
300 _a৪৮২ পৃ;
_c২২ সেমি.
650 _aদর্শন
650 _aPhilosophy
942 _2ddc
_cBK
999 _c84923
_d84923